1050 1347 1281 1689 1852 1989 1390 1346 1158 1436 1141 1167 1220 1340 1261 1001 1512 1977 1512 1540 1446 1778 1443 1022 1643 1496 1784 1915 1608 1748 1503 1180 1097 1807 1823 1973 1875 1104 1875 1920 1587 1302 1079 1375 1471 1556 1872 1988 1894 1578 1140 1985 1301 1334 1216 1693 1670 1173 1211 1436 1672 1656 1729 1513 1437 1338 1642 1593 1412 1118 1181 1432 1807 1600 1154 1700 1027 1369 1998 1379 1973 1012 1039 1558 1533 1080 1488 1566 1118 1312 1201 1097 1367 1985 1347 1800 1080 1935 1418 BCNSPRNW ULIB Ver.6.0+V

เปลี่ยนเป็นภาษาไทย

Change to English
 แสดงรายละเอียดบรรณานุกรม
  กลับหน้าหลัก

Brief Record : Get Marc (ISO 2709) : E-mail record : QR code < ปิดหน้าต่าง
LEADER : 00000nam 2200000uu 4500
001    13399126540
003     ULIB
008    181019s2018||||th 000 0 tha d
020    ^a9781496309808
060    ^aWN18.2^bD132P
100    ^aDavid M. Biko, Safwan Halabi, Steven L. Blumer
245    ^aPediatric Imaging: A Core Review
260    ^aPhiladelphia :^bWolters Kluwer,^c2018
300    ^a304 pages;^b30 cm
650    ^aDiagnostic Imaging
650    ^aChild Infant
650    ^aExamination Questions
945    ^p0^l0^i26808
999    ^aกัณชพร จุลอักษร
รายการนี้ยังไม่มีแท็ก
คุณยังไม่ได้ล็อกอิน คุณสามารถมีกิจกรรมร่วมกับเว็บไซต์ได้ แต่ต้องล็อกอินก่อน ::
  ล็อกอิน

รายการสื่อสารสนเทศ

ลำดับที่ ประเภท เลขเรียก/บาร์โค้ด สถานที่ สถานะ
1. วิทยาศาสตร์การแพทย์ และสุขภาพ
วิทยาศาสตร์การแพทย์ และสุขภาพ
WN18.2 D132P ฉ.1 
  Barcode: 26808
ห้องสมุดวิทยาเขตนครสวรรค์
►หนังสือทั่วไป:l:General Books
บนชั้น

รายการใกล้เคียง
    ชื่อเรื่อง [Pediatric Imaging: A Core Review]

    ผู้แต่ง [David M. Biko, Safwan Halabi, Steven L. Blumer]

    หัวเรื่อง [Diagnostic Imaging]
    หัวเรื่อง [Child Infant]
    หัวเรื่อง [Examination Questions]

BibComment


ยังไม่เคยถูกคอมเมนท์

คอมเมนท์ทรัพยากรรายการนี้
  คอมเมนท์: Pediatric Imagin..


 Copyright 2026. Bcnsprnw @Library